বিভাগ গাইড-রাজশাহী / (Record no. 38698)
[ view plain ]
| 000 -LEADER | |
|---|---|
| fixed length control field | 01670nam a2200265 a 4500 |
| 001 - CONTROL NUMBER | |
| control field | 38698 |
| 003 - CONTROL NUMBER IDENTIFIER | |
| rucl marc code | BD-RjUL |
| 005 - DATE AND TIME OF LATEST TRANSACTION | |
| control field | 20211209052838.0 |
| 008 - FIXED-LENGTH DATA ELEMENTS--GENERAL INFORMATION | |
| fixed length control field | 160209s1995 bg ||||| |||| 00| 0 ben d |
| 035 ## - SYSTEM CONTROL NUMBER | |
| System control number | (BD-RjUL)38807 |
| 040 ## - CATALOGING SOURCE | |
| Original cataloging agency | BD-RjUL |
| Language of cataloging | eng |
| Transcribing agency | BD-RjUL |
| 041 ## - LANGUAGE CODE | |
| Language code of text/sound track or separate title | ben |
| 082 ## - DEWEY DECIMAL CLASSIFICATION NUMBER | |
| Classification number | 915.4924 |
| Author mark and year | BIV 1995 |
| Edition number | 23 |
| 245 00 - TITLE STATEMENT | |
| Title | বিভাগ গাইড-রাজশাহী / |
| Statement of responsibility, etc. | সম্পাদক: কাজী রওশন আলী ; সহকারী সম্পাদক: সাইফুদ্দিন চৌধুরী, সরদার আব্দুর রহমান, শফিকুল আলম সৈয়দী ; সহ-সম্পাদক: তসিকুল ইসলাম রাজা ... [এবং অন্যান্য] |
| 260 ## - PUBLICATION, DISTRIBUTION, ETC. (IMPRINT) | |
| Place of publication, distribution, etc. | নওগাঁ : |
| Name of publisher, distributor, etc. | নিউ বিজনেস পোষ্ট পাবলিকেশন, |
| Date of publication, distribution, etc. | ১৯৯৫ |
| 300 ## - PHYSICAL DESCRIPTION | |
| Pagination | ৩০১ পৃ. : |
| Illustrations | চিত্র ; |
| Size | ২২ সেমি. |
| 651 ## - SUBJECT ADDED ENTRY--GEOGRAPHIC NAME | |
| Geographic name | রাজশাহী |
| 9 (RLIN) | 117733 |
| Geographic name | Rajshahi |
| 9 (RLIN) | 117734 |
| 700 ## - ADDED ENTRY--PERSONAL NAME | |
| Personal name | আলী, কাজী রওশন, সম্পাদক |
| Personal name | চৌধুরী, সাইফুদ্দিন, সহকারী সম্পাদক |
| Personal name | রহমান, সরদার আব্দুর, যুগ্ম সহকারী সম্পাদক |
| Personal name | সৈয়দী, শফিকুল আলম, যুগ্ম সহকারী সম্পাদক |
| Personal name | রাজা, তসিকুল ইসলাম ... [এবং অন্যান্য], সহ-সম্পাদক |
| 942 ## - ADDED ENTRY ELEMENTS (KOHA) | |
| Source of classification or shelving scheme | Dewey Decimal Classification |
| Koha item type | Books |
| Lost status | Source of classification or shelving scheme | Damaged status | Not for loan | Collection code | Permanent Location | Current Location | Shelving location | Date acquired | Source of acquisition | Cost, normal purchase price | Total Checkouts | Total Renewals | Full call number | Date last seen | Date checked out | Copy number | Koha item type |
|---|---|---|---|---|---|---|---|---|---|---|---|---|---|---|---|---|---|
| Dewey Decimal Classification | Non-fiction | Central Library, University of Rajshahi | Central Library, University of Rajshahi | 23/07/1995 | Naogaon, New Business Post Publications | 280.00 | 5 | 1 | B 915.4924 BIV 1995 | 06/08/2018 | 17/07/2018 | C-2 | Books | ||||
| Dewey Decimal Classification | Not For Loan | Rare Books | Central Library, University of Rajshahi | Central Library, University of Rajshahi | Rare Book Section | 23/07/1995 | Naogaon, New Business Post Publications | 280.00 | BRA 915.4924 BIV 1995 | 11/03/2020 | C-1 | Rare Books | |||||
| Dewey Decimal Classification | Non-fiction | Central Library, University of Rajshahi | Central Library, University of Rajshahi | 23/07/1995 | Naogaon, New Business Post Publications | 280.00 | B 915.4924 BIV 1995 | 11/03/2020 | C-3 | Books |